Central Library || Chittagong University

Integrated mariculture: a global review / (Record no. 109537)

MARC details
000 -LEADER
fixed length control field 00481nam a22001817a 4500
003 - CONTROL NUMBER IDENTIFIER
control field BD-ChCU
005 - DATE AND TIME OF LATEST TRANSACTION
control field 20251118100407.0
008 - FIXED-LENGTH DATA ELEMENTS--GENERAL INFORMATION
fixed length control field 251118b it ||||| |||| 00| 0 eng d
020 ## - INTERNATIONAL STANDARD BOOK NUMBER
International Standard Book Number 9789251063873
040 ## - CATALOGING SOURCE
Transcribing agency BD-ChCU
082 ## - DEWEY DECIMAL CLASSIFICATION NUMBER
Classification number 639.8 I61
100 ## - MAIN ENTRY--PERSONAL NAME
Personal name Doris Soto
9 (RLIN) 16328
245 ## - TITLE STATEMENT
Title Integrated mariculture: a global review /
Statement of responsibility, etc. Doris Soto
260 ## - PUBLICATION, DISTRIBUTION, ETC.
Place of publication, distribution, etc. Italy :
Name of publisher, distributor, etc. Food and agriculture,
Date of publication, distribution, etc. c2009
300 ## - PHYSICAL DESCRIPTION
Extent 183p.
650 #0 - SUBJECT ADDED ENTRY--TOPICAL TERM
Topical term or geographic name entry element Mariculture
9 (RLIN) 16329
942 ## - ADDED ENTRY ELEMENTS (KOHA)
Source of classification or shelving scheme Dewey Decimal Classification
Koha item type Books
Suppress in OPAC No
Holdings
Withdrawn status Lost status Source of classification or shelving scheme Damaged status Not for loan Home library Current library Shelving location Date acquired Source of acquisition Total Checkouts Full call number Barcode Date last seen Copy number Price effective from Koha item type
    Dewey Decimal Classification     Chittagong University Library Chittagong University Library Science Reading Room 11/18/2025 Purchase   639.8 I61 343053 11/18/2025 C-1 11/18/2025 Books
    Dewey Decimal Classification     Chittagong University Library Chittagong University Library Science Reading Room 11/18/2025 Purchase   639.8 I61 343054 11/18/2025 C-2 11/18/2025 Books
© Copyright 2025. Chittagong University Library, Installation and Maintenance by Prof. Dr. Md. Alamgir, 01711306253